An introduction to the history of psychology (Record no. 8016)

MARC details
000 -LEADER
fixed length control field 00524nam a22001697a 4500
008 - FIXED-LENGTH DATA ELEMENTS--GENERAL INFORMATION
fixed length control field 190704b ||||| |||| 00| 0 eng d
020 ## - INTERNATIONAL STANDARD BOOK NUMBER
International Standard Book Number 9780534263706
082 ## - DEWEY DECIMAL CLASSIFICATION NUMBER
Classification number 305 H54i 1997
100 ## - MAIN ENTRY--PERSONAL NAME
Personal name Hergenhahn, B. R
245 ## - TITLE STATEMENT
Title An introduction to the history of psychology
250 ## - EDITION STATEMENT
Edition statement 3rd ed
260 ## - PUBLICATION, DISTRIBUTION, ETC.
Place of publication, distribution, etc. Pacific Grove :
Name of publisher, distributor, etc. Brooks/Cole Pub.,
Date of publication, distribution, etc. 1997.
300 ## - PHYSICAL DESCRIPTION
Extent xv, 640 p. : ill. ;
Dimensions 24 cm.
500 ## - GENERAL NOTE
General note Includes bibliographical references (p. 591-615) and indexes.
650 ## - SUBJECT ADDED ENTRY--TOPICAL TERM
Topical term or geographic name entry element Psychology--History.
942 ## - Added entry Elements (Koha)
Source of classification or shelving scheme Dewey Decimal Classification
Holdings
Withdrawn status Lost status Source of classification or shelving scheme Damaged status Not for loan Collection code Home library Current library Shelving location Date acquired Serial Enumeration / chronology Total Checkouts Full call number Barcode Date last seen Date last checked out Price effective from Koha item type
    Dewey Decimal Classification     Main TEST RTC Library RTC Library Main opac 04/07/2019 13912 1 306 HER 30011133 05/07/2022 28/04/2022 04/07/2019 Main
Royal Thimphu College || All Right Reserved